Tuyển chọn trò chơi, bài hát, thơ ca, truyện kể, câu đố dành cho trẻ 4-5 tuổi theo chủ đề
Trình bày ba phần chính: Trò chơi; Bài hát; Thơ ca, truyện kể, câu đố. Trong mỗi phần, các nội dung được sắp xếp theo 9 chủ đề; Trường mầm non; Bản thân; gia đình; Nghề nghiệp; Thế giới thực vật; Thế giới động vật; Giao thông; Nước và các hiện tượng tự nhiên; Quê hương - Đất nước - Bác Hồ....
Đã lưu trong:
| Tác giả chính: | |
|---|---|
| Định dạng: | Sách |
| Năm xuất bản: |
Hà Nội
Giáo dục
2013
|
| Chủ đề: | |
| Tags: |
Thêm thẻ
Không có thẻ, Hãy là người đầu tiên gắn thẻ bản ghi này!
|
| LEADER | 01950nam a2200253 4500 | ||
|---|---|---|---|
| 082 | |a 372.19 |b T527ch | ||
| 100 | |a Phan Lan Anh | ||
| 245 | |a Tuyển chọn trò chơi, bài hát, thơ ca, truyện kể, câu đố dành cho trẻ 4-5 tuổi theo chủ đề |c Phan Lan Anh, Nguyễn Thị Hiếu, Đặng Lan Phương,.. | ||
| 260 | |a Hà Nội |b Giáo dục |c 2013 | ||
| 300 | |a 303 tr |c 24 cm | ||
| 520 | |a Trình bày ba phần chính: Trò chơi; Bài hát; Thơ ca, truyện kể, câu đố. Trong mỗi phần, các nội dung được sắp xếp theo 9 chủ đề; Trường mầm non; Bản thân; gia đình; Nghề nghiệp; Thế giới thực vật; Thế giới động vật; Giao thông; Nước và các hiện tượng tự nhiên; Quê hương - Đất nước - Bác Hồ. | ||
| 653 | |a Giáo dục mẫu giáo | ||
| 653 | |a Trò chơi | ||
| 653 | |a Bài hát | ||
| 653 | |a Thơ ca | ||
| 653 | |a Truyện kể | ||
| 653 | |a Câu đố | ||
| 942 | |2 ddc |c STK0 | ||
| 999 | |c 126 |d 126 | ||
| 952 | |0 0 |1 0 |2 ddc |4 0 |6 372_190000000000000_T527CH |7 1 |8 300 |9 2956 |a qbu |b qbu |c D2 |d 2014-12-10 |g 53000 |o 372.19 T527ch |p 81.c1 |r 0000-00-00 |w 2014-11-13 |y STK0 | ||
| 952 | |0 0 |1 0 |2 ddc |4 0 |6 372_190000000000000_T527CH |7 0 |8 300 |9 2957 |a qbu |b qbu |c D2 |d 2014-12-10 |g 53000 |l 7 |o 372.19 T527ch |p 81.c2 |r 2019-09-30 |s 2019-09-17 |w 2014-11-13 |y STK0 |0 0 |6 372_190000000000000_T527CH | ||
| 952 | |0 0 |1 0 |2 ddc |4 0 |6 372_190000000000000_T527CH |7 0 |8 300 |9 2958 |a qbu |b qbu |c D2 |d 2014-12-10 |g 53000 |l 9 |o 372.19 T527ch |p 81.c3 |r 2019-05-06 |s 2019-04-26 |w 2014-11-13 |y STK0 |0 0 |6 372_190000000000000_T527CH | ||
| 952 | |0 0 |1 0 |2 ddc |4 0 |6 372_190000000000000_T527CH |7 0 |8 300 |9 2959 |a qbu |b qbu |c D2 |d 2014-12-10 |g 53000 |l 8 |m 1 |o 372.19 T527ch |p 81.c4 |r 2019-04-16 |s 2019-04-02 |w 2014-11-13 |y STK0 |0 0 |6 372_190000000000000_T527CH | ||
| 952 | |0 0 |1 0 |2 ddc |4 0 |6 372_190000000000000_T527CH |7 0 |8 300 |9 2960 |a qbu |b qbu |c D2 |d 2014-12-10 |g 53000 |l 8 |o 372.19 T527ch |p 81.c5 |r 2019-05-03 |s 2019-04-26 |w 2014-11-13 |y STK0 |0 0 |6 372_190000000000000_T527CH | ||